| 000 | 00569nam a2200205Ia 4500 | ||
|---|---|---|---|
| 003 | OSt | ||
| 005 | 20230208154113.0 | ||
| 008 | 210210b2003 xxu||||| |||| 00| 0 eng d | ||
| 040 | _cAL | ||
| 041 | _aEnglish | ||
| 082 | _a658.3 NAVH | ||
| 100 |
_aNAVARATNA (Ram K). _971432 |
||
| 245 | _aHRD circular modules and dignified work place: english-kannada. | ||
| 260 |
_aBangalore _bVandana Publications _c2003 |
||
| 300 | _axiii,212 | ||
| 650 |
_aHRD Circulars Letters Notices _971433 |
||
| 690 |
_aPersonnel Management _971434 |
||
| 906 | _a061453 | ||
| 942 |
_2ddc _cBK |
||
| 999 |
_c108065 _d108065 |
||